Disaster and development (Record no. 477090)

000 -LEADER
fixed length control field 00585cam a22001577a 4500
008 - FIXED-LENGTH DATA ELEMENTS--GENERAL INFORMATION
fixed length control field 180718b1993 xxu||||| |||| 00| 0 eng d
082 ## - DEWEY DECIMAL CLASSIFICATION NUMBER
Classification number Q39 In2/St44
100 ## - MAIN ENTRY--PERSONAL NAME
Personal name India Disaster Management Training Country Workshop (1993 12-16 July :IIPA: New Delhi)
245 ## - TITLE STATEMENT
Title Disaster and development
260 ## - PUBLICATION, DISTRIBUTION, ETC.
Place of publication, distribution, etc. New Delhi
Name of publisher, distributor, etc. Indian Institute Of Public Administration
Date of publication, distribution, etc. 1993
300 ## - PHYSICAL DESCRIPTION
Extent 103p.
650 ## - SUBJECT ADDED ENTRY--TOPICAL TERM
Topical term or geographic name entry element Disasters
700 ## - ADDED ENTRY--PERSONAL NAME
Personal name Stevenson,R.S
700 ## - ADDED ENTRY--PERSONAL NAME
Personal name Asian Disaster Preparedness Centre, Bangkok
700 ## - ADDED ENTRY--PERSONAL NAME
Personal name Department of Agriculture and Cooperation, Ministry of Agriculture, India
Holdings
Withdrawn status Lost status Damaged status Not for loan Permanent Location Current Location Date acquired Full call number Barcode Date last seen Price effective from Koha item type
        Indian Institute of Public Administration Indian Institute of Public Administration 2018-08-04 Q39 In2/St44 GR12903 2018-08-04 2018-08-04 GR
        Indian Institute of Public Administration Indian Institute of Public Administration 2018-08-04 Q39 In2/St44 GR12902 2018-08-04 2018-08-04 GR

Powered by Koha